| 000 | 00740cam a2200217 4500500 | ||
|---|---|---|---|
| 005 | 20260111080443.0 | ||
| 041 | _afre | ||
| 042 | _adc | ||
| 100 | 1 | 0 |
_aToni, Errol _eauthor |
| 700 | 1 | 0 |
_aAdahi, Tiémelé André Claver _eauthor |
| 245 | 0 | 0 | _aLes finances publiques au service de la lutte contre la Covid-19 en Afrique de l’ouest |
| 260 | _c2020. | ||
| 500 | _a34 | ||
| 690 | _aAfrique de l’Ouest | ||
| 690 | _acovid-19 | ||
| 690 | _aendettement | ||
| 690 | _afinances publiques | ||
| 690 | _apandémie | ||
| 786 | 0 | _nGestion & Finances Publiques | 6 | 6 | 2020-12-09 | p. 104-112 | 1969-1009 | |
| 856 | 4 | 1 | _uhttps://droit.cairn.info/revue-gestion-et-finances-publiques-2020-6-page-104?lang=fr&redirect-ssocas=7080 |
| 999 |
_c1616335 _d1616335 |
||